|
|
|
|
| LEADER |
01087nam a22002651a 4500 |
| 020 |
|
|
|a 9788126435999
|c 0.00
|
| 040 |
|
|
|a SSUS - Library - Kalady
|
| 082 |
|
|
|a M301
|b ANA/K
|
| 100 |
|
|
|a Anand
|
| 245 |
|
|
|a Kathakal (2002-2012): Anand
|h [Text]
|
| 260 |
|
|
|a Kottayam
|b D C Books
|c 2012
|
| 300 |
|
|
|a 224p.
|
| 600 |
|
|
|a Literature
|
| 600 |
|
|
|a Literature Malayalam
|
| 600 |
|
|
|a Stories Malayalam
|
| 852 |
|
|
|h M301
|i ANA/K
|p 070599
|9 125.00
|t 0
|
| 852 |
|
|
|h M301
|i ANA/K
|p 070600
|9 125.00
|t 0
|
| 852 |
|
|
|h M301
|i ANA/K
|p 070601
|9 125.00
|t 0
|
| 942 |
|
|
|c BK
|
| 942 |
|
|
|c BK
|
| 942 |
|
|
|c BK
|
| 999 |
|
|
|c 23233
|d 23233
|
| 952 |
|
|
|0 0
|1 0
|4 0
|6 M_301_000000000000000_ANA_K
|7 0
|9 32979
|a SSUS
|b SSUS
|d 2015-01-08
|g 125.00
|l 1
|o M301 ANA/K
|p 070599
|r 2019-09-24
|s 2019-08-29
|v 0.00
|w 2015-01-08
|y BK
|
| 952 |
|
|
|0 0
|1 0
|4 0
|6 M_301_000000000000000_ANA_K
|7 0
|9 32980
|a SSUS
|b SSUS
|d 2015-01-08
|g 125.00
|l 1
|o M301 ANA/K
|p 070600
|r 2017-01-06
|s 2016-08-10
|v 0.00
|w 2015-01-08
|y BK
|
| 952 |
|
|
|0 0
|1 0
|4 0
|6 M_301_000000000000000_ANA_K
|7 0
|9 32981
|a SSUS
|b SSUS
|d 2015-01-08
|g 125.00
|l 1
|o M301 ANA/K
|p 070601
|r 2016-04-01
|s 2016-03-10
|v 0.00
|w 2015-01-08
|y BK
|